00647nam a22002057a 4500003000500000005001700005008004100022010001000063011001000073035001000083040000900093082001600102111010500118245001200223260009300235300001100328490003700339650002800376830003700404CHAP20220329140950.0971013s1985 r 10010 d a60601 a61573 a65739 cCHAP a630.63bR4400aReunión Ordinaria de la Junta Interamericana de Agrícultura (n3d: 1985c: Montevideo, Uruguay) aInforme aSan José, C.R. :bInstituto Interamericano de Cooperación para la Agricultura,c1985 a238 p. aSerie documentos oficialesv; 3214aAgriculturaxCongresos.0 aSerie documentos oficialesv; 32